| 000 | 00434nam a2200157Ia 4500 | ||
|---|---|---|---|
| 008 | 240729s9999 xx 000 0 und d | ||
| 022 | _a2406-3045 | ||
| 245 | 0 | _aKragujevac Journal of Mathematics | |
| 260 | _aSerbia | ||
| 260 | _bUniversity of Kragujevac, Faculty of Science | ||
| 650 | _a Mathematics | ||
| 650 | _aScience | ||
| 856 | _uhttps://doaj.org/toc/8747cab5440440c4986e2f43e2aee8b6 | ||
| 942 | _2ddc | ||
| 942 | _cDOAJEJ | ||
| 999 |
_c68504 _d68504 |
||
| 945 |
_a1 _bMadushi Gamage _c1 _dMadushi Gamage |
||